A manual of aquatic plants / (Record no. 72933)
[ view plain ]
| 000 -LEADER | |
|---|---|
| fixed length control field | 00894nam a2200277 a 4500 |
| 001 - CONTROL NUMBER | |
| control field | 72933 |
| 003 - CONTROL NUMBER IDENTIFIER | |
| rucl marc code | BD-RjUL |
| 005 - DATE AND TIME OF LATEST TRANSACTION | |
| control field | 20211209082327.0 |
| 008 - FIXED-LENGTH DATA ELEMENTS--GENERAL INFORMATION | |
| fixed length control field | 170525r19601957nyua b 001 0 eng d |
| 035 ## - SYSTEM CONTROL NUMBER | |
| System control number | (BD-RjUL)73151 |
| 040 ## - CATALOGING SOURCE | |
| Original cataloging agency | DLC |
| Transcribing agency | OSW |
| Modifying agency | BD-RjUL |
| Language of cataloging | eng |
| 041 ## - LANGUAGE CODE | |
| Language code of text/sound track or separate title | eng |
| 082 ## - DEWEY DECIMAL CLASSIFICATION NUMBER | |
| Edition number | 23 |
| Classification number | 581.76 |
| Author mark and year | FAM 1960 |
| 100 1# - MAIN ENTRY--PERSONAL NAME | |
| Personal name | Fassett, Norman C. |
| Fuller form of name | (Norman Carter), |
| Dates associated with a name | 1900-1954. |
| 9 (RLIN) | 215728 |
| 245 12 - TITLE STATEMENT | |
| Title | A manual of aquatic plants / |
| Statement of responsibility, etc. | by Norman C. Fassett ; With revision appendix by Eugene C. Ogden. |
| 250 ## - EDITION STATEMENT | |
| Edition statement | 2nd ed. |
| 260 ## - PUBLICATION, DISTRIBUTION, ETC. (IMPRINT) | |
| Place of publication, distribution, etc. | Madison : |
| Name of publisher, distributor, etc. | Wisconsin Press,, |
| Date of publication, distribution, etc. | 1960. |
| 300 ## - PHYSICAL DESCRIPTION | |
| Pagination | ix, 405 p. : |
| Illustrations | ill. ; |
| Size | 24 cm. |
| 504 ## - BIBLIOGRAPHY, ETC. NOTE | |
| Bibliography, etc | Includes bibliographies and indexes. |
| 650 #0 - SUBJECT ADDED ENTRY--TOPICAL TERM | |
| Topical term or geographic name as entry element | Aquatic plants. |
| 9 (RLIN) | 215729 |
| Topical term or geographic name as entry element | Freshwater plants |
| Geographic subdivision | United States. |
| 9 (RLIN) | 215730 |
| Topical term or geographic name as entry element | Maritime Provinces |
| 9 (RLIN) | 215731 |
| 700 ## - ADDED ENTRY--PERSONAL NAME | |
| Personal name | Ogden, Eugene C. |
| 942 ## - ADDED ENTRY ELEMENTS (KOHA) | |
| Source of classification or shelving scheme | Dewey Decimal Classification |
| Koha item type | Books |
| Lost status | Source of classification or shelving scheme | Damaged status | Not for loan | Collection code | Permanent Location | Current Location | Shelving location | Date acquired | Source of acquisition | Cost, normal purchase price | Total Checkouts | Full call number | Date last seen | Copy number | Koha item type |
|---|---|---|---|---|---|---|---|---|---|---|---|---|---|---|---|
| Dewey Decimal Classification | Not For Loan | Non-fiction | Central Library, University of Rajshahi | Central Library, University of Rajshahi | Reading Room | 09/12/2021 | Mirza Book | 32.50 | 581.76 FAM 1960 | 25/05/2017 | C-1 | Books | |||
| Dewey Decimal Classification | Non-fiction | Central Library, University of Rajshahi | Central Library, University of Rajshahi | 30/07/1964 | Zeitlinger | 52.00 | 581.76 FAM 1960 | 25/05/2017 | C-2 | Books |